| 000 | 01110nam0a22003131 4500 | ||
|---|---|---|---|
| 001 | RU\INFOCOMM_322\NLR\5000086718 | ||
| 005 | 20250613102933.0 | ||
| 035 | _a(NLR Aleph) 009454204 | ||
| 090 |
_a8425234 _c8425234 |
||
| 100 | _a20121204d1968 |||y0rusy50 ca | ||
| 101 | 1 |
_afre _crus |
|
| 102 | _aRU | ||
| 105 | _ay z ||||| | ||
| 200 | 1 |
_aCours d'électrotechnique _e[Trad. du russe ...] _fA. Kassatkine et M. Pérékaline |
|
| 210 |
_aM. _c"Mir" _d[1968] |
||
| 215 |
_a681 с. _cил. _d22 см |
||
| 225 | 1 |
_a[Éditions de Moscou] _iTechnique soviétique |
|
| 300 | _aДоп. тит. л. на рус. яз.: А. С. Касаткин и М. А. Перекалин. Электротехника | ||
| 620 | _aМосква | ||
| 686 |
_aТэ-0(32) _2rubbk |
||
| 700 | 1 |
_9z01790 _aKasatkin _bA. S. _f1899-1974 _gAleksandr Sergeevič |
|
| 701 | 1 |
_9z02790 _aPerekalin _bM. A. _gMichail Aleksandrovič |
|
| 790 | 1 |
_9z01700 _aKassatkine _bA. _4070 |
|
| 790 | 1 |
_9z02701 _aPérékaline _bM. _4070 |
|
| 801 | 1 |
_aRU _bNLR _c20121204 |
|
| 801 | 0 |
_aRU _bINFOCOMM _gPSBO |
|
| 852 |
_aNLR _jТ21 Д-5/5 |
||
| 942 | _cBOOK | ||
| 980 | _aNB | ||